The design of Christianity, or, A plain demonstration and improvement of this proposition : viz. that the enduing men with inward real righteousness or true holiness, was the ultimate end of Our Saviour's coming into the world, and is the great intendment of His blessed Gospel /

Bibliographic Details
Main Author: Fowler, Edward, 1632-1714
Format: eBook
Language:English
Published: London : Printed for R. Royston ..., 1676.
Edition:The second edition.
Series:Early English books online.
Subjects:
Online Access:Connect to the full text of this electronic book

MARC

Tag First Indicator Second Indicator Subfields
LEADER 00000nam a2200000Ia 4500
001 in00004179613
005 20200810072718.0
006 m g d
007 cr bn |||a|bb|
008 850620s1676 enk o 00| | eng d
035 |a (OCoLC)12181757 
040 |a EAA  |c EAA  |d m/c  |d WaOLN 
037 |a CL0037000028  |b ProQuest Information and Learning. 300 N. Zeeb Rd., Ann Arbor, MI 48106 
049 |a UMIA 
100 1 |a Fowler, Edward,  |d 1632-1714. 
245 1 4 |a The design of Christianity, or, A plain demonstration and improvement of this proposition :  |b viz. that the enduing men with inward real righteousness or true holiness, was the ultimate end of Our Saviour's coming into the world, and is the great intendment of His blessed Gospel /  |c by Edward Fowler ... 
250 |a The second edition. 
260 |a London :  |b Printed for R. Royston ...,  |c 1676. 
300 |a 1 online resource ([31], 303, [1] pages) 
336 |a text  |b txt  |2 rdacontent 
337 |a computer  |b c  |2 rdamedia 
338 |a online resource  |b cr  |2 rdacarrier 
500 |a Reproduction of original in Cambridge University Library. 
500 |a Advertisement: pages [1] at end. 
510 4 |a Wing  |c F1699 
533 |a Electronic reproduction.  |b Ann Arbor, Mich. :  |c UMI,  |d 1999-  |f (Early English books online)  |n Digital version of: (Early English books, 1641-1700 ; 890:3)  |7 s1999 miun s 
650 0 |a Christianity  |v Early works to 1800. 
650 0 |a Salvation. 
610 2 0 |a Catholic Church  |v Controversial literature. 
740 0 |a Design of Christianity. 
740 0 |a Plain demonstration and improvement of this proposition. 
830 0 |a Early English books online. 
856 4 0 |u http://proxy.library.tamu.edu/login?url=https://search.proquest.com/docview/2248554638  |z Connect to the full text of this electronic book  |t 0 
999 f f |s 0d1400c8-0ba4-3cbb-b6dc-5d19d5b9d134  |i 3f6614fb-e690-3976-9ee7-5c83a3cf5e57  |t 0 
952 f f |a Texas A&M University  |b College Station  |c Electronic Resources  |d Available Online  |t 0  |h No information provided 
998 f f |t 0  |l Available Online